000 00512nam a2200205Ia 4500
008 240509s9999 xx 000 0 und d
020 _a0009559881507
041 _aEng
082 _a657
082 _bW34
100 _aWIJEWARDENA, H. :
245 0 _aFINANCIAL ACCOUNTING IN SRI LANKA
260 _bWIJAYA PUBLISHING AUSTRALIA
260 _c2004
300 _a668 p.
650 _aACCOUNTING : FINANCIAL ACCOUNTING
942 _2ddc
_02
942 _cRBK
999 _c22144
_d22144
945 _a1
_bMadushi Gamage
_c2364
_dABC XYZ